The wrong way to recover service charges (Record no. 80883)

MARC details
000 -LEADER
fixed length control field 01141cab a22002175a 4500
001 - CONTROL NUMBER
control field L145571
008 - FIXED-LENGTH DATA ELEMENTS--GENERAL INFORMATION
fixed length control field 081022e20080916xxk f v 000 0 eng d
035 ## - SYSTEM CONTROL NUMBER
System control number (Sirsi) u145571
041 0# - LANGUAGE CODE
Language code of text/sound track or separate title eng
100 1# - MAIN ENTRY--PERSONAL NAME
Personal name Warwick, Mark
245 04 - TITLE STATEMENT
Title The wrong way to recover service charges
260 ## - PUBLICATION, DISTRIBUTION, ETC.
Date of publication, distribution, etc. 2008
490 #0 - SERIES STATEMENT
Series statement Solicitors Journal
Volume/sequential designation 152(35) 16 September 2008, 11-13(2)
520 ## - SUMMARY, ETC.
Summary, etc. Discusses the important Court of Appeal ruling in Leonora Investment Co v Mott Macdonald Ltd (see L145457), on whether a landlord could claim the cost of improvement works as a service charge, where there had been a failure to comply with the procedure set out in the service charge clause in the lease. Concludes that landlords must follow the terms of leases strictly when recovering service charges or face loosing their investment.
590 ## - LOCAL NOTE (RLIN)
Local note KA
650 24 - SUBJECT ADDED ENTRY--TOPICAL TERM
Topical term or geographic name entry element LEONORA V MOTT MACDONALD
650 24 - SUBJECT ADDED ENTRY--TOPICAL TERM
Topical term or geographic name entry element UNIVERSITIES SUPERANNUATION SCHEME LTD V MARKS & SPENCER PLC
651 #4 - SUBJECT ADDED ENTRY--GEOGRAPHIC NAME
Geographic name England and Wales
Chronological subdivision 1543-
690 ## - LOCAL SUBJECT ADDED ENTRY--TOPICAL TERM (OCLC, RLIN)
Topical term or geographic name as entry element PROPERTY-COMMERCIAL PROPERTY-LEASEHOLD COMMERCIAL PROPERTY-COMMERCIAL LANDLORD AND TENANT-COMMERCIAL SERVICE CHARGES
942 ## - ADDED ENTRY ELEMENTS (KOHA)
Suppress in OPAC 0
Holdings
Withdrawn status Lost status Source of classification or shelving scheme Damaged status Not for loan Home library Current library Shelving location Date acquired Total Checkouts Full call number Barcode Date last seen Copy number Price effective from Koha item type
    Dewey Decimal Classification     London London Journal article 22/10/2008   L145571 145571-1001 06/08/2019 1 06/08/2019 Journal article